ඕලු පිපීලා ගීතාවලෝකනය : සුනිල් සාන්තගේ 'ඕලු පිපීලා' ගීතයට වසර අසුවයි /

Olu pipila githavalokanaya
Saved in:
Bibliographic Details
Format: Book
Published: [තැ.නො.] : සුනිල් සාන්ත සමාජය, 2025.
Tags: Add Tag
No Tags, Be the first to tag this record!

MARC

LEADER 00000nam a2200000 4500
003 LK-CoNLD
005 20260320125454.0
008 260320b |||||||| |||| 00| 0 ||| d
015 |2 slnb 
017 |b LK-CoDNA 
020 |a 9789558428061 
040 |a LK-CoNLD  |b SIN  |c LK-CoNLD  |d LK-CoNLD 
082 |2 23  |q LK-CoNLD 
245 |6 880-1  |a ඕලු පිපීලා ගීතාවලෝකනය :  |b සුනිල් සාන්තගේ 'ඕලු පිපීලා' ගීතයට වසර අසුවයි /  |c ප්‍රේමදාස තෙලිකෝරල. 
260 |a [තැ.නො.] :  |b සුනිල් සාන්ත සමාජය,  |c 2025. 
300 |a පි. vii,176 : ඡායාරූප ;  |c සෙමි. 21. 
880 |6 245-1  |a Olu pipila githavalokanaya 
942 |c BOOK 
999 |c 298366  |d 298366 
945 |a 21055  |b M. G. D. NAWODA  |c 21055  |d M. G. D. NAWODA